000 00597nam a2200217Ia 4500
005 20250923144619.0
008 008 250917s9999 xx 000 0 eng d
037 _aTextual
040 _aDSWL
_beng
_cDSWL
041 _aeng
_2eng
084 _aYX;zF6;4, N58
_qDSWL
100 _aWallis, J.H.
_9826637
245 0 _aMarriage counselling
_cby J.H. Wallis
260 _aLondon
_bRoutledge & Kegan Paul
_c1958
300 _axiii,313p.
365 _aINR
_b25
700 _aH S Booker
_9826638
925 _g25
942 _cTEXL
_hYX;zF6;4, N58
999 _c1441178
_d1441178